000 00856nam a2200289 a 4500
001 vtls000217027
003 NLI
005 20210602121109.0
008 101126s1985 ii 000 0 eng
020 _cRs. 100.00
039 9 _y201011260117
_zVLOAD
040 0 _aNLI
_beng
_cDatasoft 1
_eAACR2
041 0 _aeng
044 _aii
082 0 4 _a338.9
100 1 _aPrasad, Kamta,
_d1936-
_9240014
245 1 0 _aPlanning in a market economy :
_ba study of the French planning system /
_cKamta Prasad
260 _aNew Delhi :
_bIndian Institute of Public Administration,
_cc1985
300 _axv, 128 p. ;
_c22 cm.
504 _aBibliography : p. 125-128
650 0 _aEconomic development
_92639
650 0 _aEconomic policy
_92783
887 _a
901 _aDB47488
_b17.06.1985
902 _aE 338.9 K 129
999 _aVIRTUA40
_c220080
_d220080
942 _2ddc
_cBKS